| 000 | 01367cam a2200205 4500 | ||
|---|---|---|---|
| 008 | 050128n2004 000 0 eng u | ||
| 020 | _a0110497139 | ||
| 035 | _a(Sirsi) u128669 | ||
| 041 | _aeng | ||
| 245 | 4 | _aThe Commonhold Regulations 2004 | |
| 260 |
_aLondon _bHMSO _c2004 |
||
| 490 |
_aSI _v2004: 1829 |
||
| 520 | _aPart I contains general provisions, Part II deals with the registration of a freehold estate in land as a freehold estate in commonhold land, and Part III contains provisions which the commonhold community statement must contain when defining the extent of a commonhold unit. Part IV specifies the requirements for the name of a commonhold statement, makes provision for the form and content of the commonhold community statement and the memorandum and articles of association of a commonhold association and specifies the forms to be used. Part V deals with the operation of a commonhold whilst Part VI makes provision for the termination of a commonhold. For further details see Explanatory note. View at www.legislation.hmso.gov.uk | ||
| 590 | _aCLR | ||
| 650 | _aCOMMONHOLD AND LEASEHOLD REFORM ACT 2002 | ||
| 650 | _aCOMMONHOLD REGULATIONS 2004 | ||
| 690 | _aLANDLORD AND TENANT-LEASEHOLD REFORM | ||
| 856 |
_uhttps://www.legislation.hmso.gov.uk/si/si2004/20041829.htm _zView the Regulations on the HMSO website... |
||
| 942 | _n0 | ||
| 999 |
_c103976 _d103976 |
||